000 nam a22 4500
999 _c9151
_d9151
008 180413b ||||| |||| 00| 0 eng d
245 _aFloods sweep southern Japan; 2 dead, 18 missing.
260 _aPhilippines
_bThe Philippine Star
_cc2017
300 _apage A20.
650 0 _927338
_aNatural disasters.
942 _2ddc
_cPER